[Event "Jan Timman Tournament"]
[Site "SchemingMind.com"]
[Date "2012.03.06"]
[Round "-"]
[White "Derek Price"]
[Black "Aadsje"]
[Result "1/2-1/2"]
[WhiteCountry "ENG"]
[BlackCountry "NED"]
[WhiteElo "2374"]
[WhiteRD "109"]
[BlackElo "2253"]
[BlackRD "58"]
[GameID "304801"]

1. c4 e5 2. Nc3 Bb4 3. Nd5 Be7 4. d4 d6 5. e4 h6 6. Nf3 exd4 7. Nxd4 Nf6 8. Nxe7 Qxe7 9. f3 O-O 10. Be2 Re8
11. O-O Qe5 12. Be3 a6 13. Qd2 Nh7 14. Rfe1 Nf8 15. Rac1 b6 16. f4 Qf6 17. Bf3 Ra7 18. b4 c5 19. bxc5 dxc5 20. e5 Qd8
21. Nb3 Bd7 22. Rcd1 Qc8 23. Qf2 Bg4 24. Rd6 Bxf3 25. Qxf3 Re6 26. Red1 Rd7 27. Rxd7 Nbxd7 28. a4 a5=
1/2-1/2

[Event "Jan Timman Tournament"]
[Site "SchemingMind.com"]
[Date "2012.03.05"]
[Round "-"]
[White "Aadsje"]
[Black "Derek Price"]
[Result "1/2-1/2"]
[WhiteCountry "NED"]
[BlackCountry "ENG"]
[WhiteElo "2258"]
[WhiteRD "61"]
[BlackElo "2316"]
[BlackRD "91"]
[GameID "304803"]

1. d4 Nf6 2. Nc3 d5 3. Bg5 Nbd7 4. Nf3 e6 5. e3 Be7 6. Bd3 O-O 7. h3 c5 8. Bf4 c4 9. Be2 Bb4 10. Nd2 Re8
11. Ndb1 a6 12. a3 Ba5 13. Bh2 Bc7 14. Bxc7 Qxc7 15. g4 Rd8 16. g5 Ne8 17. h4 Nb8 18. h5 Nc6 19. f4 Nd6 20. g6 Nf5
21. gxf7+ Kxf7 22. Qd2 Bd7 23. Rg1 Nce7 24. Bf1 Kg8 25. Qe2 Qb6 26. Nd1 Rf8 27. Bh3 Rac8 28. Nbc3 a5 29. Qh2 Rf6 30. Qg2 Bc6=
31. Ne2 Ba4 32. Ng3 Nh4 33. Qe2 Rc7 34. Qf2 Nhf5 35. Qg2 Nxg3 36. Qxg3 Nf5 37. Qf2 Nd6 38. Bg4 Ne4 39. Qg2 c3 40. bxc3 Qc6
41. Bf3 Nxc3 42. Qd2 Nxd1 43. Bxd1 Qc3 44. Qxc3=
1/2-1/2

[Event "Jan Timman Tournament"]
[Site "SchemingMind.com"]
[Date "2012.03.10"]
[Round "-"]
[White "NYNH"]
[Black "Derek Price"]
[Result "0-1"]
[WhiteCountry "USA"]
[BlackCountry "ENG"]
[WhiteElo "2021"]
[WhiteRD "71"]
[BlackElo "2316"]
[BlackRD "91"]
[GameID "305023"]

1. d4 Nf6 2. c4 e6 3. g3 d5 4. Nf3 Be7 5. Bg2 O-O 6. O-O Nbd7 7. Qc2 c6 8. Nbd2 b6 9. e4 Ba6 10. b3 c5
11. exd5 exd5 12. Bb2 Rc8 13. Qf5 Re8 14. Rfd1 cxd4 15. Bxd4 Bc5 16. cxd5 Bxd4 17. Nxd4 Re5 18. Qh3 Rh5 19. Nc6 Qf8 20. Qxh5 Nxh5
21. Nc4 Bxc4 22. bxc4 Qa3 23. Re1 Kf8 24. Re3 Qa4 25. Rc3 Nhf6 26. a3 Re8 27. d6 Ne4 28. Bxe4 Rxe4 29. Nb4 Rd4 30. Re1 Rxd6
31. Rce3 Nf6 32. Kg2 a5 33. Nd5 Nxd5 34. cxd5 Rxd5 35. Re7 g5 36. h3 Qxa3 37. Rb7 Rf5 38. Kg1 Qb2 39. Rf1 a4
0-1

[Event "Jan Timman Tournament"]
[Site "SchemingMind.com"]
[Date "2012.03.10"]
[Round "-"]
[White "NYNH"]
[Black "Aadsje"]
[Result "0-1"]
[WhiteCountry "USA"]
[BlackCountry "NED"]
[WhiteElo "2021"]
[WhiteRD "71"]
[BlackElo "2258"]
[BlackRD "61"]
[GameID "305024"]

1. d4 Nf6 2. c4 e6 3. g3 c5 4. Nf3 cxd4 5. Nxd4 Qc7 6. Nd2 Nc6 7. Nb5 Qb6 8. Bg2 d5 9. O-O Bd7 10. Nf3 dxc4
11. a4 Bc5 12. Nd6+ Bxd6 13. Qxd6 Na5 14. Qxb6 axb6 15. Be3 Nd5 16. Bd4 Nb3 17. Rad1 f6 18. e4 Nb4 19. Bxb6 Nd3 20. e5 Nxb2
21. Rb1 Nxa4 22. Be3 Nc3 23. Rb2 b5 24. Nd4 Ra3 25. exf6 gxf6 26. Re1 Na4 27. Rbb1 Nxd4 28. Bxd4 Kf7 29. Red1 Rd8 30. f4 Be8
31. Bh3 c3 32. Rbc1 b4 33. Bf1 b3
0-1

[Event "Jan Timman Tournament"]
[Site "SchemingMind.com"]
[Date "2012.03.10"]
[Round "-"]
[White "Derek Price"]
[Black "NYNH"]
[Result "1-0"]
[WhiteCountry "ENG"]
[BlackCountry "USA"]
[WhiteElo "2374"]
[WhiteRD "109"]
[BlackElo "2050"]
[BlackRD "71"]
[GameID "305026"]

1. c4 e5 2. Nc3 Nf6 3. Nf3 Nc6 4. g3 d5 5. cxd5 Nxd5 6. Bg2 Nb6 7. O-O Be6 8. d3 Be7 9. Be3 O-O 10. Rc1 f6
11. a3 Qd7 12. Re1 Nd4 13. Bxd4 exd4 14. Ne4 Na4 15. Qc2 Rac8 16. b3 Nc3 17. Nxd4 Nxe4 18. Nxe6 Qxe6 19. Bxe4 Bxa3 20. Bxb7 Rb8
21. Ra1 Bb4 22. Ba6 Kh8 23. Bc4 Qb6 24. Red1 a5 25. e3 Rfd8 26. d4 Bd6 27. Qf5 c5 28. Bd3 Kg8 29. Qxh7+ Kf8 30. Bc4 Re8
31. dxc5 Qxc5 32. Qg8+ Ke7 33. Qe6+
1-0

[Event "Jan Timman Tournament"]
[Site "SchemingMind.com"]
[Date "2012.03.10"]
[Round "-"]
[White "Aadsje"]
[Black "NYNH"]
[Result "1-0"]
[WhiteCountry "NED"]
[BlackCountry "USA"]
[WhiteElo "2258"]
[WhiteRD "61"]
[BlackElo "2021"]
[BlackRD "71"]
[GameID "305027"]

1. e4 e6 2. d4 d5 3. Nd2 c5 4. exd5 Qxd5 5. Ngf3 cxd4 6. Bc4 Qd8 7. O-O a6 8. Nb3 Nc6 9. Nbxd4 Nxd4 10. Qxd4 Qxd4
11. Nxd4 b5 12. Be2 Bb7 13. Bf4 Nf6 14. Rfd1 Be7 15. c3 O-O 16. a4 bxa4 17. Rxa4 Nd5 18. Bg3 Bf6 19. Raa1 Rfd8 20. Nb3 Nb6
21. Rxd8+ Bxd8 22. Nc5 Bd5 23. Rxa6 Rc8 24. b4 Nc4 25. Na4 f6 26. f3 Ne5 27. Bf2 Bb3 28. Nc5 Bd5 29. f4 Nc4 30. Nxe6 Be7
31. Ra7 Bxe6 32. Rxe7 Bf7 33. b5 Kf8 34. Ra7 Nd6 35. b6 Rxc3 36. Rc7 Rb3 37. Bc5 Ke8 38. Bxd6 Rxb6 39. Bc5 Rb1+ 40. Kf2 Bd5
41. Rxg7 Rb2 42. Rxh7 Kd8 43. Be7+ Kc8 44. Bxf6 Ra2 45. g4
1-0

[Event "Jan Timman Tournament"]
[Site "SchemingMind.com"]
[Date "2012.03.14"]
[Round "-"]
[White "Buckaroo Bob"]
[Black "Derek Price"]
[Result "1/2-1/2"]
[WhiteCountry "USA"]
[BlackCountry "ENG"]
[WhiteElo "2067"]
[WhiteRD "72"]
[BlackElo "2316"]
[BlackRD "91"]
[GameID "305356"]

1. d4 Nf6 2. c4 e6 3. Nf3 b6 4. g3 Bb7 5. Bg2 Be7 6. Nc3 Ne4 7. Bd2 d5 8. cxd5 exd5 9. O-O O-O 10. Rc1 Nd7
11. Bf4 c5 12. dxc5 Nxc3 13. Rxc3 bxc5 14. Ne5 Nb6 15. Qc2 Qc8 16. Rd1 Rd8 17. b3 d4 18. Bxb7 Qxb7 19. Rf3 Qd5 20. Qf5 g6
21. Qh3 h5 22. Re1 Bf6 23. e4 Qb7 24. Nd3 c4 25. bxc4 Nxc4 26. g4 hxg4 27. Qxg4 Qc8 28. Qg3 Re8 29. e5 Bg7 30. Bg5 Re6
31. Qf4 Qe8 32. Qxd4 Nxe5 33. Nxe5 Bxe5 34. Qh4 Bg7=
1/2-1/2

[Event "Jan Timman Tournament"]
[Site "SchemingMind.com"]
[Date "2012.03.15"]
[Round "-"]
[White "Buckaroo Bob"]
[Black "Aadsje"]
[Result "0-1"]
[WhiteCountry "USA"]
[BlackCountry "NED"]
[WhiteElo "2058"]
[WhiteRD "70"]
[BlackElo "2237"]
[BlackRD "63"]
[GameID "305357"]

1. d4 Nf6 2. c4 e6 3. Nf3 Bb4+ 4. Nbd2 d5 5. Qa4+ Nc6 6. a3 Bxd2+ 7. Bxd2 Ne4 8. e3 Bd7 9. Qc2 Nxd2 10. Nxd2 Ne7
11. Bd3 a5 12. O-O Bc6 13. Rac1 dxc4 14. Nxc4 Qd5 15. f3 Bb5 16. b3 Qd8 17. a4 Bxc4 18. bxc4 Nc6 19. Be4 Nb4 20. Qb1 f5
21. Bxf5 exf5 22. Qxf5 Qd7 23. Qh5+ Kd8 24. Qb5 Kc8 25. Rfd1 Ra6 26. e4 Re8 27. d5 Qxb5 28. cxb5 Rd6 29. Rd4 Kb8 30. Rdc4 Rd7
31. R1c3 Rf8 32. Kf2 g6 33. Ke3 g5 34. h3 Rdf7 35. Rd4 Rd8 36. Rc5 Rff8 37. Kd2 b6 38. Rc1 Rf6 39. Ke3 h5 40. Rdc4 Rd7
41. Rd4 Rf8 42. Rd2 Re8 43. Kf2 Rd6 44. Kg3 Kb7 45. h4 g4 46. Rd4 gxf3 47. gxf3 Rg6+ 48. Kf4 Rf8+
0-1

[Event "Jan Timman Tournament"]
[Site "SchemingMind.com"]
[Date "2012.03.14"]
[Round "-"]
[White "Buckaroo Bob"]
[Black "NYNH"]
[Result "1-0"]
[WhiteCountry "USA"]
[BlackCountry "USA"]
[WhiteElo "2079"]
[WhiteRD "73"]
[BlackElo "2050"]
[BlackRD "71"]
[GameID "305359"]

1. d4 e6 2. e4 d5 3. Nd2 c5 4. Ngf3 a6 5. dxc5 Bxc5 6. Bd3 Nc6 7. O-O Nge7 8. c3 O-O 9. Qc2 h6 10. Nb3 Ba7
11. Re1 Qc7 12. Bd2 e5 13. exd5 Nxd5 14. Bh7+ Kh8 15. Be4 Be6 16. Rac1 Rad8 17. Nh4 Nce7 18. Nf5 Nxf5 19. Bxf5 Bxf5 20. Qxf5 Rde8
21. c4 Nb6 22. Ba5 Qb8 23. Nc5 Qc7 24. b4 Qe7 25. Qe4 f5 26. Qxb7 Qxb7 27. Nxb7 e4 28. c5 Nd5 29. Rcd1 Nf4 30. Rd6 Nd3
31. Rb1 f4 32. Rxa6 Bb8 33. Nd6 Bxd6 34. Rxd6 Rb8 35. c6 Ne5 36. c7 Rbc8 37. Rc1 e3 38. fxe3 f3 39. gxf3 Nxf3+ 40. Kg2 Ng5
41. Rd8 Ne6 42. Rxf8+ Nxf8 43. b5 Ne6 44. b6
1-0

[Event "Jan Timman Tournament"]
[Site "SchemingMind.com"]
[Date "2012.03.15"]
[Round "-"]
[White "Derek Price"]
[Black "Buckaroo Bob"]
[Result "1-0"]
[WhiteCountry "ENG"]
[BlackCountry "USA"]
[WhiteElo "2374"]
[WhiteRD "109"]
[BlackElo "2079"]
[BlackRD "73"]
[GameID "305360"]

1. c4 g5 2. d4 Bg7 3. Nc3 h6 4. e4 d6 5. Be3 Nf6 6. Be2 Na6 7. h3 c6 8. Nf3 Qa5 9. O-O g4 10. hxg4 Bxg4
11. e5 dxe5 12. Nxe5 Bxe2 13. Qxe2 e6 14. Qf3 Rd8 15. Ne4 Ke7 16. Qf4 Rhf8 17. Qh4 Rh8 18. a3 Nb8 19. Bd2
1-0

[Event "Jan Timman Tournament"]
[Site "SchemingMind.com"]
[Date "2012.03.15"]
[Round "-"]
[White "Aadsje"]
[Black "Buckaroo Bob"]
[Result "1-0"]
[WhiteCountry "NED"]
[BlackCountry "USA"]
[WhiteElo "2258"]
[WhiteRD "61"]
[BlackElo "2067"]
[BlackRD "72"]
[GameID "305361"]

1. e4 c5 2. Nf3 d6 3. d4 cxd4 4. Nxd4 Nf6 5. Nc3 a6 6. Be2 Nbd7 7. f4 g6 8. g4 h6 9. f5 Ne5 10. fxg6 fxg6
11. h3 Bg7 12. Be3 O-O 13. Qd2 Kh7 14. O-O-O Bd7 15. Kb1 b5 16. Qe1 b4 17. Nd5 Nxe4 18. Rf1 Rxf1 19. Bxf1 Nc5 20. Qxb4 e6
21. Nc3 Qc7 22. Qa3 Bf8 23. Bf4 d5 24. Nf3 Ne4 25. Bxe5 Bxa3 26. Nxe4 Qb7 27. Nf6+ Kg7 28. Nxd7+ Kf7 29. Bd4 Ke8 30. Nfe5 Bd6
31. Bd3 Bxe5 32. Nxe5 g5 33. Rf1
1-0

[Event "Jan Timman Tournament"]
[Site "SchemingMind.com"]
[Date "2012.03.15"]
[Round "-"]
[White "NYNH"]
[Black "Buckaroo Bob"]
[Result "1/2-1/2"]
[WhiteCountry "USA"]
[BlackCountry "USA"]
[WhiteElo "2050"]
[WhiteRD "71"]
[BlackElo "2079"]
[BlackRD "73"]
[GameID "305363"]

1. d4 Nf6 2. c4 e6 3. g3 d5 4. Nf3 dxc4 5. Bg2 Bb4+ 6. Bd2 a5 7. O-O O-O 8. Bg5 Nbd7 9. Qc2 h6 10. Bxf6 Nxf6
11. Qxc4 b6 12. Ne5 Ba6 13. Qc2 Nd5 14. Nc6 Qf6 15. Nxb4 Nxb4 16. Qd2 Rad8 17. Rd1 c5 18. e3 cxd4 19. exd4 Nd3 20. Nc3 Qxd4
21. Qc2 Qf6 22. a4 Nb4 23. Qb3 Rxd1+ 24. Rxd1 Rd8 25. Nb5 Rxd1+ 26. Qxd1 Bxb5 27. axb5 Qxb2 28. Qd8+ Kh7 29. Qxb6 Qb1+ 30. Bf1 a4
31. Qa7 Qc2 32. b6 Nc6 33. Qa6 Ne5 34. b7 Nf3+ 35. Kg2 Ne1+ 36. Kg1 Nf3+ 37. Kg2 Ne1+ 38. Kg1 Nf3+ 39. Kg2
1/2-1/2

[Event "Jan Timman Tournament"]
[Site "SchemingMind.com"]
[Date "2012.03.15"]
[Round "-"]
[White "l3aarrccaa,34"]
[Black "Derek Price"]
[Result "0-1"]
[WhiteCountry "LIE"]
[BlackCountry "ENG"]
[WhiteElo "2230"]
[WhiteRD "97"]
[BlackElo "2374"]
[BlackRD "109"]
[GameID "305477"]

1. e4 c5 2. Nf3 d6 3. d4 cxd4 4. Nxd4 Nf6 5. Nc3 a6 6. Be3 e6 7. f3 b5 8. Qd2 Nbd7 9. g4 Nb6 10. O-O-O Bb7
11. Qf2 Nfd7 12. Bd3 Rc8 13. Nce2 Nc5 14. Kb1 Nba4 15. Bc1 Qc7 16. Ng3 d5 17. exd5 Bxd5 18. Be4 Nxe4 19. fxe4 Bb7 20. Rhf1 Bc5
21. Bf4 Qe7 22. Be3 O-O 23. Nb3 Bd6 24. Bf4 Bxf4
0-1

[Event "Jan Timman Tournament"]
[Site "SchemingMind.com"]
[Date "2012.03.15"]
[Round "-"]
[White "l3aarrccaa,34"]
[Black "Buckaroo Bob"]
[Result "1/2-1/2"]
[WhiteCountry "LIE"]
[BlackCountry "USA"]
[WhiteElo "2109"]
[WhiteRD "112"]
[BlackElo "2126"]
[BlackRD "98"]
[GameID "305478"]

1. e4 c5 2. Nf3 d6 3. d4 cxd4 4. Nxd4 Nf6 5. Nc3 a6 6. Be3 e6 7. f3 h5 8. Qd2 Nbd7 9. O-O-O b5 10. Bd3 Bb7
11. Rhe1 Rc8 12. h3 h4 13. Nb3 Be7 14. Qf2 Ne5 15. Be2 b4 16. Na4 Qc7 17. Bf1 Bxe4 18. fxe4 Nxe4 19. Qe2 Ng3 20. Qf2 Ne4
21. Qe2 Ng3= 22. Qf2 Ne4=
1/2-1/2

[Event "Jan Timman Tournament"]
[Site "SchemingMind.com"]
[Date "2012.03.16"]
[Round "-"]
[White "l3aarrccaa,34"]
[Black "Aadsje"]
[Result "1-0"]
[WhiteCountry "LIE"]
[BlackCountry "NED"]
[WhiteElo "2230"]
[WhiteRD "97"]
[BlackElo "2253"]
[BlackRD "58"]
[GameID "305479"]

1. e4 c5 2. Nf3 d6 3. d4 cxd4 4. Nxd4 Nf6 5. Nc3 a6 6. Be3 e6 7. f3 b5 8. Qd2 Bb7 9. g4 h6 10. O-O-O Nbd7
11. h4 b4 12. Na4 d5 13. Bh3 Qa5 14. b3 Ne5 15. g5 Nh5 16. exd5 Bxd5 17. gxh6 Rd8 18. hxg7 Nxg7 19. Bg5 Rd7 20. Qe3 Ng6
21. Bg4 Qc7 22. h5 Ne5 23. Bf4 Nxg4 24. fxg4 Qa5 25. Rh2 Nxh5 26. gxh5 Rh7 27. Nf5 f6 28. h6
1-0

[Event "Jan Timman Tournament"]
[Site "SchemingMind.com"]
[Date "2012.03.15"]
[Round "-"]
[White "l3aarrccaa,34"]
[Black "NYNH"]
[Result "1-0"]
[WhiteCountry "LIE"]
[BlackCountry "USA"]
[WhiteElo "2202"]
[WhiteRD "95"]
[BlackElo "1996"]
[BlackRD "68"]
[GameID "305481"]

1. e4 e6 2. d4 d5 3. Nc3 Nf6 4. Bg5 Be7 5. e5 Nfd7 6. Bxe7 Qxe7 7. f4 a6 8. Nf3 c5 9. dxc5 Nc6 10. Qd2 Qxc5
11. Bd3 b5 12. a3 Bb7 13. Qf2 Rc8 14. Ne2 Qxf2+ 15. Kxf2 Ke7 16. Ned4 Nc5 17. Rhd1 Nxd3+ 18. Rxd3 Na5 19. Ke2 Nc4 20. b3 Nb6
21. f5 Nd7 22. Rf1 Nc5 23. Re3 Ne4 24. Nd2 g6 25. fxe6 fxe6 26. Ref3 Ng5 27. Rf6 Rcf8 28. h4 Ne4 29. Nxe4 dxe4 30. Rxe6+ Kd7
31. Rff6 Rxf6 32. Rxf6 Re8 33. Rd6+ Kc7 34. Re6 Kd7 35. Rxe8 Kxe8 36. Ne6 Bc8 37. Nc5 Kd8 38. Ke3 a5 39. Kxe4 Bf5+ 40. Kd5 Bxc2
41. b4 axb4 42. axb4 Ke7 43. Kc6 h6 44. Kxb5 g5 45. hxg5 hxg5 46. Ka6 g4 47. b5 Bd1 48. b6 Bf3 49. b7 Bxb7+ 50. Kxb7
1-0

[Event "Jan Timman Tournament"]
[Site "SchemingMind.com"]
[Date "2012.03.15"]
[Round "-"]
[White "Derek Price"]
[Black "l3aarrccaa,34"]
[Result "1-0"]
[WhiteCountry "ENG"]
[BlackCountry "LIE"]
[WhiteElo "2374"]
[WhiteRD "109"]
[BlackElo "2230"]
[BlackRD "97"]
[GameID "305482"]

1. c4 Nf6 2. g3 e5 3. Bg2 d5 4. cxd5 Nxd5 5. Nf3 Nc6 6. O-O Nb6 7. b3 Be7 8. Bb2 f6 9. d3 O-O 10. Nbd2 Be6
11. Rc1 Bd5 12. a3 a5 13. Qc2 Qd7 14. Rfd1 Rfd8 15. Re1 Bd6 16. Nc4 Qf7 17. Nfd2 Bxg2 18. Kxg2 Nxc4 19. Qxc4 Qxc4 20. Rxc4 h5
21. Rec1 Kf7 22. Ne4 Be7 23. Nc5 Bxc5 24. Rxc5 g6 25. R5c4
1-0

[Event "Jan Timman Tournament"]
[Site "SchemingMind.com"]
[Date "2012.03.15"]
[Round "-"]
[White "Buckaroo Bob"]
[Black "l3aarrccaa,34"]
[Result "0-1"]
[WhiteCountry "USA"]
[BlackCountry "LIE"]
[WhiteElo "2079"]
[WhiteRD "73"]
[BlackElo "2230"]
[BlackRD "97"]
[GameID "305483"]

1. d4 Nf6 2. c4 e6 3. Nf3 d5 4. Nc3 c6 5. Bg5 h6 6. Bh4 dxc4 7. e4 g5 8. Bg3 b5 9. Ne5 Bb7 10. h4 g4
11. Nxg4 Nxg4 12. Qxg4 Qxd4 13. Rd1 Qf6 14. e5 Qf5 15. Qd4 Be7 16. a4 c5 17. Qd2 a6 18. axb5 axb5 19. Nxb5 Qe4+ 20. Qe3 Qxe3+
21. fxe3 Ra2 22. Rd2 Bc6 23. Nc3 Ra1+ 24. Kf2 O-O 25. Bf4 Kg7 26. Rh3 f6 27. Kg1 Rxf1+ 28. Kxf1 fxe5 29. Rf2 exf4 30. exf4 Bf6
31. Re3 Bd4
0-1

[Event "Jan Timman Tournament"]
[Site "SchemingMind.com"]
[Date "2012.03.16"]
[Round "-"]
[White "Aadsje"]
[Black "l3aarrccaa,34"]
[Result "0-1"]
[WhiteCountry "NED"]
[BlackCountry "LIE"]
[WhiteElo "2253"]
[WhiteRD "58"]
[BlackElo "2230"]
[BlackRD "97"]
[GameID "305484"]

1. d4 Nf6 2. c4 e6 3. Nf3 d5 4. Nc3 c6 5. Bg5 h6 6. Bxf6 Qxf6 7. e3 Nd7 8. Bd3 dxc4 9. Bxc4 g6 10. O-O Bg7
11. b4 O-O 12. Qb3 Qe7 13. Rac1 b6 14. b5 Bb7 15. bxc6 Bxc6 16. Nd2 a6 17. Bd3 b5 18. Be4 Bxe4 19. Ncxe4 Rfc8 20. a4 b4
21. Qd3 f5 22. Rxc8+ Rxc8 23. Qxa6 Rc2 24. Qd3 Ra2 25. Qc4 b3 26. Nxb3 fxe4 27. Nc5 Rb2 28. Nxe6 Rb4 29. Qa2 Rb6
0-1

[Event "Jan Timman Tournament"]
[Site "SchemingMind.com"]
[Date "2012.03.15"]
[Round "-"]
[White "NYNH"]
[Black "l3aarrccaa,34"]
[Result "0-1"]
[WhiteCountry "USA"]
[BlackCountry "LIE"]
[WhiteElo "2050"]
[WhiteRD "71"]
[BlackElo "2230"]
[BlackRD "97"]
[GameID "305486"]

1. d4 Nf6 2. c4 e6 3. g3 d5 4. Nf3 dxc4 5. Bg2 Nc6 6. Qa4 Bb4+ 7. Bd2 Nd5 8. Bxb4 Nxb4 9. O-O Rb8 10. Na3 O-O
11. Qb5 b6 12. Qxc4 Ba6 13. Nb5 Qd5 14. Qxd5 exd5 15. a4 Na5 16. Ne5 c6 17. Nc3 Rfe8 18. Bf3 Nc2 19. Rad1 Nxd4 20. Rxd4 Rxe5
21. Re1 Nb3 22. Rdd1 Rbe8 23. e4 f5 24. Bh5 g6 25. Bf3 fxe4 26. Bg2 Bd3 27. f4 R5e7 28. Bh3 Nd4 29. Kf2 e3+ 30. Kg2 Nc2
31. Rg1 e2 32. Rxd3 e1=Q 33. Rxe1 Nxe1+
0-1

[Event "Jan Timman Tournament"]
[Site "SchemingMind.com"]
[Date "2012.03.17"]
[Round "-"]
[White "tabanli"]
[Black "Derek Price"]
[Result "1/2-1/2"]
[WhiteCountry "USA"]
[BlackCountry "ENG"]
[WhiteElo "2051"]
[WhiteRD "98"]
[BlackElo "2316"]
[BlackRD "91"]
[GameID "305631"]

1. d4 Nf6 2. c4 e6 3. Nc3 Bb4 4. e3 b6 5. Ne2 Ne4 6. Qc2 Bb7 7. a3 Bxc3+ 8. Nxc3 Nxc3 9. Qxc3 O-O 10. b3 d6
11. Bb2 Nd7 12. d5 e5 13. Be2 c6 14. dxc6 Bxc6 15. O-O Nc5 16. f3 Qe7 17. Rad1 f5 18. Rd2 Rad8 19. Bd1 e4 20. f4 Nd3
21. Bc2 Nxb2 22. Qxb2 d5 23. cxd5=
1/2-1/2

[Event "Jan Timman Tournament"]
[Site "SchemingMind.com"]
[Date "2012.03.17"]
[Round "-"]
[White "tabanli"]
[Black "Buckaroo Bob"]
[Result "1/2-1/2"]
[WhiteCountry "USA"]
[BlackCountry "USA"]
[WhiteElo "2056"]
[WhiteRD "84"]
[BlackElo "2058"]
[BlackRD "70"]
[GameID "305632"]

1. d4 Nf6 2. c4 e6 3. Nc3 Bb4 4. e3 O-O 5. Bd3 c5 6. Ne2 cxd4 7. exd4 d5 8. cxd5 Nxd5 9. O-O Nc6 10. Qc2 h6
11. a3 Bd6 12. Ne4 Be7 13. b4 f5 14. N4c3 Nxc3 15. Qxc3 Bf6 16. Bb2 Bd7 17. Qb3 Bg5 18. f4 Bh4 19. g3 Be7 20. Bc4 Qb6
21. Bxe6+ Bxe6 22. Qxe6+ Kh7 23. Kg2 Rae8 24. Qc4 Bf6 25. Rad1 Re4 26. Rd2 Rd8 27. Rfd1 a5 28. Bc3 axb4 29. axb4 Rc8 30. Qc5 Qxc5
31. bxc5 Ne7 32. d5 Rxc5 33. Bxf6 gxf6 34. d6 Nc6 35. d7 Kg7 36. Kf3 Nd8 37. Rd5 Rec4 38. R1d4 Rxd4 39. Rxc5 Rxd7 40. Rxf5=
1/2-1/2

[Event "Jan Timman Tournament"]
[Site "SchemingMind.com"]
[Date "2012.03.17"]
[Round "-"]
[White "tabanli"]
[Black "Aadsje"]
[Result "0-1"]
[WhiteCountry "USA"]
[BlackCountry "NED"]
[WhiteElo "2056"]
[WhiteRD "84"]
[BlackElo "2237"]
[BlackRD "63"]
[GameID "305633"]

1. d4 Nf6 2. c4 e6 3. Nc3 Bb4 4. e3 c5 5. Bd3 Nc6 6. Ne2 cxd4 7. exd4 d5 8. cxd5 exd5 9. O-O O-O 10. Bg5 Bd6
11. h3 h6 12. Be3 Re8 13. Qb3 Na5 14. Qc2 Bd7 15. Rad1 Rc8 16. b3 Nc6 17. Qb2 Qa5 18. Nb5 Bb8 19. a4 Nb4 20. Nbc3 Nxd3
21. Rxd3 Qa6 22. Rfd1 Bf5 23. R3d2 Ne4 24. Nxe4 Bxe4 25. Nc3 Qd6 26. g3 Bf3 27. Re1 h5 28. h4 Qe6 29. Kh2 Qg4
0-1

[Event "Jan Timman Tournament"]
[Site "SchemingMind.com"]
[Date "2012.03.17"]
[Round "-"]
[White "tabanli"]
[Black "l3aarrccaa,34"]
[Result "1/2-1/2"]
[WhiteCountry "USA"]
[BlackCountry "LIE"]
[WhiteElo "2056"]
[WhiteRD "84"]
[BlackElo "2202"]
[BlackRD "95"]
[GameID "305634"]

1. d4 Nf6 2. c4 e6 3. Nc3 Bb4 4. e3 O-O 5. Bd3 d5 6. cxd5 exd5 7. Ne2 Re8 8. Bd2 Bd6 9. O-O c5 10. Nb5 c4
11. Nxd6 Qxd6 12. Bc2 Nc6 13. a4 b6 14. b3 cxb3 15. Bxb3 Ba6 16. Re1 Bxe2 17. Rxe2 Rac8 18. f3 Rc7 19. Be1 Rce7 20. Bf2 Na5
21. Rc1 Nxb3 22. Qxb3 h6 23. Rec2 Qe6 24. Rc6 Qd7 25. h3 Qd8 26. R1c3 Qd7 27. Qa3 Rd8 28. a5 bxa5 29. Qxa5 Rb8 30. g4=
1/2-1/2

[Event "Jan Timman Tournament"]
[Site "SchemingMind.com"]
[Date "2012.03.17"]
[Round "-"]
[White "tabanli"]
[Black "NYNH"]
[Result "1-0"]
[WhiteCountry "USA"]
[BlackCountry "USA"]
[WhiteElo "2056"]
[WhiteRD "84"]
[BlackElo "1996"]
[BlackRD "68"]
[GameID "305636"]

1. d4 e6 2. e4 d5 3. Nc3 Nf6 4. e5 Nfd7 5. f4 c5 6. Nf3 Nc6 7. Be3 Qa5 8. Qd2 c4 9. Be2 Bb4 10. O-O Nb6
11. Qe1 Bxc3 12. bxc3 Na4 13. Bd2 a6 14. Ng5 Bd7 15. Bg4 g6 16. Qh4 Qd8 17. Qh6 Qe7 18. Qg7 O-O-O 19. Nxf7 Rdf8 20. Nd6+ Kb8
21. Qh6 Na7 22. Be1 Qd8 23. Bh4 Qc7 24. Be7 Rc8 25. Nf7 Ka8 26. Bd6 Qa5 27. Bb4 Qc7 28. Nxh8 Rxh8 29. Qg7 Rc8 30. Qxh7 Nb5
31. Qxg6 Nbxc3 32. Bd6 Qb6 33. f5 exf5 34. Bxf5 Qxd4+ 35. Kh1 Bxf5 36. Qxf5 Ne4 37. Qxc8+
1-0

[Event "Jan Timman Tournament"]
[Site "SchemingMind.com"]
[Date "2012.03.18"]
[Round "-"]
[White "Derek Price"]
[Black "tabanli"]
[Result "1-0"]
[WhiteCountry "ENG"]
[BlackCountry "USA"]
[WhiteElo "2278"]
[WhiteRD "87"]
[BlackElo "2056"]
[BlackRD "84"]
[GameID "305637"]

1. c4 c5 2. Nf3 Nc6 3. Nc3 g6 4. e3 Bg7 5. d4 d6 6. Be2 Nf6 7. O-O O-O 8. d5 Na5 9. Nd2 e6 10. a3 exd5
11. cxd5 b6 12. Rb1 a6 13. b4 Nb7 14. Bb2 cxb4 15. axb4 a5 16. bxa5 bxa5 17. Nc4 Bf5 18. e4 Bc8 19. Qc2 Re8 20. Ba3 Bf8
21. f3 Nd7 22. Nb5 Ndc5 23. Bb2 f6 24. Nd4 Bd7 25. Nc6 Qc7 26. Bxf6 Bxc6 27. dxc6 Qxc6 28. Nb6
1-0

[Event "Jan Timman Tournament"]
[Site "SchemingMind.com"]
[Date "2012.03.18"]
[Round "-"]
[White "Buckaroo Bob"]
[Black "tabanli"]
[Result "1-0"]
[WhiteCountry "USA"]
[BlackCountry "USA"]
[WhiteElo "2058"]
[WhiteRD "70"]
[BlackElo "2056"]
[BlackRD "84"]
[GameID "305638"]

1. Nf3 c5 2. c4 Nc6 3. d4 cxd4 4. Nxd4 g6 5. e4 Bg7 6. Be3 Nf6 7. Nc3 Ng4 8. Qxg4 Nxd4 9. Qd1 Ne6 10. Rc1 Qa5
11. Be2 b6 12. Qd5 Qxd5 13. exd5 Nd4 14. Bd3 O-O 15. O-O Bb7 16. Rfe1 e6 17. Bf4 Rfe8 18. Bd6 Nf5 19. Bxf5 gxf5 20. Be5 exd5
21. Bxg7 Kxg7 22. cxd5 Rxe1+ 23. Rxe1 Rc8 24. Re7 Bxd5 25. Rxd7 Be6 26. Rxa7 f4 27. f3 Kf6 28. Ra4 Ke5 29. Re4+ Kf5 30. Rb4 Rc6
31. Ne2 Rc4 32. Rxb6 Ke5 33. Nc3 Kd4 34. Kf2 Kd3 35. a4 Kc2 36. a5 Rd4 37. a6 Rd2+ 38. Kg1
1-0

[Event "Jan Timman Tournament"]
[Site "SchemingMind.com"]
[Date "2012.03.17"]
[Round "-"]
[White "Aadsje"]
[Black "tabanli"]
[Result "1-0"]
[WhiteCountry "NED"]
[BlackCountry "USA"]
[WhiteElo "2206"]
[WhiteRD "64"]
[BlackElo "2019"]
[BlackRD "86"]
[GameID "305639"]

1. d4 Nf6 2. c4 e6 3. Nf3 b6 4. g3 Ba6 5. b3 Bb4+ 6. Bd2 Be7 7. Bg2 c6 8. Bc3 d5 9. Nbd2 O-O 10. Ne5 Nfd7
11. Nd3 b5 12. c5 e5 13. b4 e4 14. Nf4 Nf6 15. e3 Nbd7 16. Bf1 Bb7 17. a4 a6 18. Nb3 g5 19. Ng2 Ne8 20. h4 Ng7
21. hxg5 Bxg5 22. Nf4 Nf6 23. Nh3 Bh6 24. Be2 Rc8 25. Na5 Rc7 26. Ng1 Bg5 27. axb5 axb5 28. Nh3 h6 29. Nxg5 hxg5 30. Kd2 Ne6
31. Qf1 Kg7 32. Qh3 Rh8 33. Qf5 Bc8 34. f4 Rxh1 35. Rxh1 Nxf4 36. Qxg5+ Ng6 37. g4 Kg8 38. Kc2 Qe7 39. Be1 Nxg4 40. Qxe7 Nxe7
41. Bg3 Ra7 42. Bxg4 Bxg4 43. Be5 Ng6 44. Nxc6 Ra2+ 45. Kb1 Ra3 46. Ne7+ Kf8 47. Nxg6+ fxg6 48. Bf4 Rb3+ 49. Ka2 Rxb4 50. c6 Rc4
51. c7 Kf7 52. Rh7+ Kf6 53. Be5+ Kg5 54. Kb3 Bf5 55. Bd6 Rc6 56. Rf7 Be6 57. Bf4+ Kg4 58. Rf6 g5 59. Rxe6
1-0